Statistics for Leap Day in History

Click here to take the quiz!

General Stats

  • This quiz has been taken 9 times
  • The average score is 4 of 8

Answer Stats

YearHintAnswer% Correct
2004"Lord of the Rings: Return of the King" wins this many OscarsEleven
89%
1968This band's album "Sgt. Pepper's..." wins album of the year.The Beatles
89%
1692Warrants are issued in what famous witch trial.Salem Witch Trials
67%
1992The vote for this country's independence is heldBosnia & Herzegovina
44%
2012This member of the band "The Monkees" diesDavy Jones
33%
1940This woman becomes the first black actor to win an Oscar.Hattie McDaniel
22%
2000This former Cincinnati Reds manager is elected into the Baseball Hall of FameSparky Anderson
22%
1504Christopher Columbus predicts this.Lunar Eclipse
11%

Score Distribution

Percentile by Number Answered

Percent of People with Each Score

Your Score History

You have not taken this quiz